Detalles MARC
| 000 -LEADER |
| campo de control de longitud fija |
03338cam a22006974i 4500 |
| 003 - IDENTIFICADOR DE NÚMERO DE CONTROL |
| campo de control |
PE-LiUPU |
| 005 - FECHA Y HORA DE LA ÚLTIMA TRANSACCIÓN |
| campo de control |
20250731180151.0 |
| 008 - DATOS DE LONGITUD FIJA--INFORMACIÓN GENERAL |
| campo de control de longitud fija |
140610s2012 mx a r 000 0 spa d |
| 020 ## - NÚMERO INTERNACIONAL ESTÁNDAR DEL LIBRO |
| Número Internacional Estándar del Libro |
9786071507723 |
| 035 ## - NÚMERO DE CONTROL DEL SISTEMA |
| Número de control de sistema |
(Sirsi) i9786071507723 |
| 035 ## - NÚMERO DE CONTROL DEL SISTEMA |
| Número de control de sistema |
(Sirsi) 50611 |
| 035 ## - NÚMERO DE CONTROL DEL SISTEMA |
| Número de control de sistema |
(Sirsi) 50611 |
| 040 ## - FUENTE DE CATALOGACIÓN |
| Centro catalogador/agencia de origen |
PE-LiUPU |
| Lengua de catalogación |
spa |
| Centro/agencia transcriptor |
PE-LiUPU |
| Centro/agencia modificador |
PE-LiUPU |
| Normas de descripción |
rda |
| 041 ## - CÓDIGO DE IDIOMA |
| Código de lengua del texto/banda sonora o título independiente |
spa |
| Código de lengua original |
eng |
| 082 04 - NÚMERO DE LA CLASIFICACIÓN DECIMAL DEWEY |
| Número de clasificación |
510.02462 |
| Cutter |
Z76 2012 |
| 100 1# - ENTRADA PRINCIPAL--NOMBRE DE PERSONA |
| Nombre de persona |
Zill, Dennis G. |
| 240 10 - TÍTULO UNIFORME |
| Título uniforme |
Advanced engineering mathematics. |
| Lenguaje de la obra |
Español |
| 245 10 - MENCIÓN DEL TÍTULO |
| Título |
Matemáticas avanzadas para ingeniería / |
| Mención de responsabilidad, etc. |
Dennis G. Zill, Warren S. Wright, Michael R. Cullen ; revisión técnica Natella Antonyan [y otros dos]. |
| 250 ## - MENCION DE EDICION |
| Mención de edición |
Cuarta Edición. |
| 264 #4 - PRODUCCIÓN, PUBLICACIÓN, DISTRIBUCIÓN, FABRICACIÓN Y COPYRIGHT |
| Producción, publicación, distribución, fabricación y copyright |
México : |
| Nombre del de productor, editor, distribuidor, fabricante |
McGrawHill, |
| Fecha de producción, publicación, distribución, fabricación o copyright |
2012. |
| 300 ## - DESCRIPCIÓN FÍSICA |
| Extensión |
xxxiii, 697 páginas : |
| Otras características físicas |
ilustraciones ; |
| Dimensiones |
27 cm |
| 336 ## - TIPO DE CONTENIDO |
| Término de tipo de contenido |
text |
| Código de tipo de contenido |
txt |
| Fuente |
rdacontent |
| 337 ## - TIPO DE MEDIO |
| Nombre/término del tipo de medio |
unmediated |
| Código del tipo de medio |
n |
| Fuente |
rdamedia |
| 338 ## - TIPO DE SOPORTE |
| Nombre/término del tipo de soporte |
volume |
| Código del tipo de soporte |
nc |
| Fuente |
rsacarrier |
| 500 ## - NOTA GENERAL |
| Nota general |
Traducido de la cuarta edición en inglés. |
| 505 0# - NOTA DE CONTENIDO CON FORMATO |
| Nota de contenido con formato |
Ecuaciones diferenciales ordinarias -- Introducción a las ecuaciones diferenciales -- Ecuaciones diferenciales de primer orden -- Ecuaciones diferenciales de orden superior -- La transformada de Laplace -- Soluciones en serie para ecuaciones di |
| 526 ## - NOTA DE INFORMACIÓN SOBRE EL PROGRAMA DE ESTUDIO |
| Nombre del programa |
Segunda Especialidad En Estadística Aplicada Para Investigación (A Distancia) |
| 526 ## - NOTA DE INFORMACIÓN SOBRE EL PROGRAMA DE ESTUDIO |
| Nombre del programa |
Segunda Especialidad En Estadística Aplicada Para Investigación |
| 526 ## - NOTA DE INFORMACIÓN SOBRE EL PROGRAMA DE ESTUDIO |
| Nombre del programa |
Odontología |
| 526 ## - NOTA DE INFORMACIÓN SOBRE EL PROGRAMA DE ESTUDIO |
| Nombre del programa |
Tecnología Médica En Terapia Física Y Rehabilitación (A Distancia) |
| 526 ## - NOTA DE INFORMACIÓN SOBRE EL PROGRAMA DE ESTUDIO |
| Nombre del programa |
Tecnología Médica En Terapia Física Y Rehabilitación (Semipresencial) |
| 526 ## - NOTA DE INFORMACIÓN SOBRE EL PROGRAMA DE ESTUDIO |
| Nombre del programa |
Tecnología Médica En Laboratorio Clínico Y Anatomía Patológica |
| 526 ## - NOTA DE INFORMACIÓN SOBRE EL PROGRAMA DE ESTUDIO |
| Nombre del programa |
Ingeniería De Ciencia De Datos E Inteligencia Artificial |
| 526 ## - NOTA DE INFORMACIÓN SOBRE EL PROGRAMA DE ESTUDIO |
| Nombre del programa |
Ingeniería Ambiental (Semipresencial) |
| 526 ## - NOTA DE INFORMACIÓN SOBRE EL PROGRAMA DE ESTUDIO |
| Nombre del programa |
Nutrición humana |
| 526 ## - NOTA DE INFORMACIÓN SOBRE EL PROGRAMA DE ESTUDIO |
| Nombre del programa |
Medicina humana |
| 526 ## - NOTA DE INFORMACIÓN SOBRE EL PROGRAMA DE ESTUDIO |
| Nombre del programa |
Ingeniería de industrias alimentarias |
| 526 ## - NOTA DE INFORMACIÓN SOBRE EL PROGRAMA DE ESTUDIO |
| Nombre del programa |
Ingeniería civil |
| 526 ## - NOTA DE INFORMACIÓN SOBRE EL PROGRAMA DE ESTUDIO |
| Nombre del programa |
Ingeniería ambiental |
| 526 ## - NOTA DE INFORMACIÓN SOBRE EL PROGRAMA DE ESTUDIO |
| Nombre del programa |
Enfermería |
| 526 ## - NOTA DE INFORMACIÓN SOBRE EL PROGRAMA DE ESTUDIO |
| Nombre del programa |
Educación secundaria, especialidad matemática e informática |
| 526 ## - NOTA DE INFORMACIÓN SOBRE EL PROGRAMA DE ESTUDIO |
| Nombre del programa |
Educación secundaria, especialidad ambiental, biología y química |
| 596 ## - |
| -- |
1 3 |
| 650 14 - PUNTO DE ACCESO ADICIONAL DE MATERIA--TÉRMINO DE MATERIA |
| Término de materia o nombre geográfico como elemento de entrada |
Matemáticas para ingenieros. |
| 650 14 - PUNTO DE ACCESO ADICIONAL DE MATERIA--TÉRMINO DE MATERIA |
| Término de materia o nombre geográfico como elemento de entrada |
Ecuaciones diferenciales. |
| 9 (RLIN) |
176 |
| 700 1# - ENTRADA AGREGADA--NOMBRE PERSONAL |
| Nombre de persona |
Wright, Warren S., |
| Término indicativo de función/relación |
autor. |
| 700 1# - ENTRADA AGREGADA--NOMBRE PERSONAL |
| Nombre de persona |
Cullen, Michael R., |
| Término indicativo de función/relación |
autor. |
| 910 ## - DATOS DE OPCIÓN DEL USUARIO (OCLC) |
| Datos de opción del usuario |
gl |
| -- |
|
| -- |
ng |
| -- |
20130530 |
| 942 ## - ELEMENTOS DE ENTRADA SECUNDARIOS (KOHA) |
| Fuente del sistema de clasificación o colocación |
Clasificación Decimal Dewey |
| Tipo de ítem Koha |
|
| 949 ## - PROCESAMIENTO DE INFORMACIÓN LOCAL (OCLC) |
| a |
510.02462 Z76 2012 |
| i |
67353 |
| l |
CCODEBUL1 |
| m |
BUL |
| t |
LIBRO |
| o |
.STAFF. Colección General |
| 949 ## - PROCESAMIENTO DE INFORMACIÓN LOCAL (OCLC) |
| a |
510.02462 Z76 2012 |
| i |
70094 |
| l |
CCODEBUL1 |
| m |
BUL |
| t |
LIBRO |
| o |
.STAFF. Colección General |
| 949 ## - PROCESAMIENTO DE INFORMACIÓN LOCAL (OCLC) |
| a |
517.91 Z76 2012 |
| w |
DEWEY |
| c |
1 |
| i |
FJ02437 |
| l |
CCODEBUJ1 |
| m |
BUJ |
| p |
23.19 |
| r |
0 |
| s |
Y |
| t |
BOOK |
| u |
2015-12-11 |
| x |
INGENIERIA |
| -- |
P25 |
| 0 |
COMPRA |
| o |
.STAFF -- Colección General Juliaca |
| 999 ## - NÚMEROS DE CONTROL DE SISTEMA (KOHA) |
| -- |
DEWEY |
| -- |
67353 |
| -- |
2021-11-9 |
| -- |
7 |
| -- |
CCODEBUL1 |
| -- |
BUL |
| -- |
35.00 |
| -- |
0 |
| -- |
N |
| -- |
BOOK |
| -- |
2015-7-6 |
| -- |
INGENIERIA |
| -- |
P25 |
| -- |
COMPRA |
| -- |
.STAFF. Colección General |
| 999 ## - NÚMEROS DE CONTROL DE SISTEMA (KOHA) |
| -- |
DEWEY |
| -- |
70094 |
| -- |
2019-8-26 |
| -- |
2021-11-9 |
| -- |
7 |
| -- |
CCODEBUL1 |
| -- |
BUL |
| -- |
1 |
| -- |
30.00 |
| -- |
3 |
| -- |
0 |
| -- |
Y |
| -- |
BOOK |
| -- |
2015-7-30 |
| -- |
INGENIERIA |
| -- |
UNKNOWN |
| -- |
COMPRA |
| -- |
.STAFF. Colección General |
| 999 ## - NÚMEROS DE CONTROL DE SISTEMA (KOHA) |
| -- |
DEWEY |
| -- |
FJ02437 |
| -- |
2018-5-28 |
| -- |
2022-1-19 |
| -- |
4 |
| -- |
CCODEBUJ1 |
| -- |
BUJ |
| -- |
2 |
| -- |
23.19 |
| -- |
0 |
| -- |
Y |
| -- |
BOOK |
| -- |
2016-10-3 |
| -- |
INGENIERIA |
| -- |
P25 |
| -- |
COMPRA |
| -- |
.STAFF. Colección General Juliaca |
| 999 ## - NÚMEROS DE CONTROL DE SISTEMA (KOHA) |
| -- |
DEWEY |
| -- |
FJ02438 |
| -- |
2022-1-19 |
| -- |
4 |
| -- |
CCODEBUJ1 |
| -- |
BUJ |
| -- |
23.19 |
| -- |
0 |
| -- |
Y |
| -- |
BOOK |
| -- |
2016-10-3 |
| -- |
INGENIERIA |
| -- |
P25 |
| -- |
COMPRA |
| -- |
.STAFF. Colección General Juliaca |
| 999 ## - NÚMEROS DE CONTROL DE SISTEMA (KOHA) |
| -- |
DEWEY |
| -- |
FJ02439 |
| -- |
2016-10-17 |
| -- |
2022-1-19 |
| -- |
4 |
| -- |
CCODEBUJ1 |
| -- |
BUJ |
| -- |
1 |
| -- |
23.19 |
| -- |
0 |
| -- |
Y |
| -- |
BOOK |
| -- |
2016-10-3 |
| -- |
INGENIERIA |
| -- |
P25 |
| -- |
COMPRA |
| -- |
.STAFF. Colección General Juliaca |
| 980 ## - EQUIVALENCIA O REFERENCIA-CRUZADA-MENCIÓN DE SERIE--NOMBRE DE PERSONA/TÍTULO [LOCAL, CANADÁ] |
| ID del último usuario que modificó el registro |
1 |
| Nombre del último usuario que modificó el registro |
ALBERTO SANCHEZ Responsable de Automatización |